Monarchs and their Descendants - Luxembourg - Statistics

General Stats
  • This quiz has been taken 51 times
    50 since last reset
  • The average score is 7 of 12
Answer Stats
Hint Answer % Correct
Monarch Grand Duke Henri
88%
Grandchildren (Guillaume) Prince Charles of Luxembourg
69%
Children Prince Guillaume, Hereditary Grand Duke of Luxembourg
66%
Spouse Grand Duchess Maria Teresa
63%
Children Princess Alexandra of Luxembourg
63%
Children Prince Louis of Luxembourg
59%
Grandchildren (Félix) Princess Amalia of Nassau
56%
Children Prince Félix of Luxembourg
53%
Children Prince Sébastien of Luxembourg
50%
Grandchildren (Félix) Prince Liam of Nassau
44%
Grandchildren (Louis) Prince Noah of Nassau
44%
Grandchildren (Louis) Prince Gabriel of Nassau
41%
No matching quizzes found
Score Distribution
Percent of People with Each Score
Percentile by Number Answered
Your Score History
You have not taken this quiz since the last reset